LDR 00637naa#a2200169#i#450# 001 EN\INFRA-M\bibl\116388 005 20260418004800.6 011 ## _a2306-627X 100 ## _a20260303b2026####ek#y0engy0150####ca 102 ## _aRU 200 1# _a"Dark" Liquidity Pools in the Context of Alternative Finance _eJournal article 210 1# _aMoscow _cINFRA-M Academic Publishing LLC. _d2026 215 ## _a4 с. 608 ## _aJournal article _2local 675 ## _aГосударственные финансы в целом. 336.1 _aДенежное обращение. Банковское дело. Биржи. 336.7 _z 700 #1 _aHominich _gIrina P. 856 4# _azh-szf.ru _u